000 01275nam a2200337 a 4500
001 000111359
003 CHAP
005 20220329144208.0
008 150330s2015 mx a fsm |||||||spa d
010 _a107821
011 _a108793
040 _cCHAP
090 _aTesis
100 1 _aMorquecho Hernández, Irma Itsel
_9129218
245 1 0 _aImplementación de herramientas para el control de calidad en recepción de materia prima y producto terminados en Bac Synergy S.A. de C.V.
_h[En línea]
_cpor Irma Itsel Morquecho Hernández.
260 _aChapingo, Méx. :
_bEl autor,
_c2015.
500 _aPara ver el contenido del material haga clic en la liga
502 _aTesis (Ing. Agroindustrial) -- UACH. Departamento Ingeniería Agroindustrial
590 _aE5995AHE
_b05
_c20150330
_lUCH01
_h1231
590 _aE5995AHE
_b05
_c20150330
_lUCH01
_h1232
590 _aE5995AHE
_b05
_c20150330
_lUCH01
_h1330
590 _aE5995AHE
_b05
_c20150414
_lUCH01
_h1303
650 1 4 _aAjo
_xNormas de calidad.
_93203
650 1 4 _aCapacitación.
_918690
650 1 4 _aProductos agrícolas
_xCalidad.
_991922
650 1 4 _aSanidad vegetal.
_9102224
856 _aFinding aid
_uhttp://10.13.5.2/tesis/sist111359.pdf
_zTeclea aquí
901 _aBK
942 _cTESIS
942 _n0
999 _c107821
_d107821